000 00488nam a2200169 a 4500
001 6753
003 CO-ViMGA
008 141112s2004 ck r 000 u spa d
040 _aCO-ViMGA
_bspa
_cCO-ViMGA
082 0 4 _a751.422 F714
100 1 _aFraipont, G
_95669
245 1 0 _aArte de pintar a la acuarela :
_bmarinas, paisajes, flores, naturalezas muertas, animales, figuras
260 _aMexico :
_bPax - Mexico,
_c1985
300 _a301 p : il
650 1 4 _aACUARELA
942 _2ddc
_cBK
999 _c18722
_d18722